[Event "Montreal 6th"]
[Site "Montreal"]
[Date "2005.08.14"]
[Round "11"]
[White "Mikhalevski, Victor"]
[Black "Krush, Irina"]
[Result "1-0"]
[WhiteElo "2572"]
[BlackElo "2452"]
[Annotator "Mikhalevski,V"]
[PlyCount "61"]
[EventDate "2005.08.03"]
[EventType "tourn"]
[EventRounds "11"]
[EventCountry "CAN"]
[EventCategory "12"]
[SourceTitle "CBM 109"]
[Source "ChessBase"]
[SourceDate "2005.11.14"]
[SourceVersion "1"]
[SourceVersionDate "2005.11.14"]
[SourceQuality "1"]

{Before this game I was leading with 7 points while Huzman was half a point
behind and Efimenko had a point less. So a draw in this game secured me a tie
for first.} 1. d4 d5 2. c4 dxc4 {It's curious that I had to deal with this
opening twice in the tournament in the first and the last rounds!} 3. Nf3 Nf6
4. e3 e6 5. Bxc4 c5 6. O-O a6 7. dxc5 {During a short preparation for the game
I decided to play this quiet line as it promises safety with some chances for
a slight advantage. Immediately after making this move I saw an unhappy
impression on Irina's face and thus I understood that the opening choice was
successful.} Qxd1 8. Rxd1 Bxc5 9. Be2 $5 {A good waiting move. Its main
advantage is that White leaves all options open.} b6 10. Nbd2 {[%cal Gd2c4]
The knight goes to c4 from where it will take control over the e5 and
d6-square.} Nbd7 11. Nc4 Bb7 12. b3 {[%cal Gc1b2] It's time to develop the
dark-squared bishop and the long diagonal is the best place for it.} ({In case
of} 12. Nd6+ $2 Bxd6 13. Rxd6 Bd5 $17 {Black traps the rook and then wins it
by means of Ne4 or Ke7.}) 12... O-O {Usually it's recommended to keep the king
closer to the centre, but in this position there are still a lot of pieces on
the board and so Black's choice to castle was correct.} ({My preparation was
based on the following game:} 12... Bd5 13. Bb2 Ke7 14. Nce5 Nxe5 15. Nxe5 Bb7
16. Nd3 Bd6 17. f3 Rhc8 18. e4 Bc7 19. Rac1 $14 {1-0 Malakhov,V-Narciso Dublan,
M/Sanxenxo ESP 2004. I liked this game and so decided to give a try to the
entire line.}) {So starting from this point I played on my own.} 13. Bb2 (13.
Nd6 $6 {doesn't reach the goal, this time in view of} Bd5 {[%csl Rd6] and
White has to retreat to c4.}) 13... Bd5 $6 {Probably this move is already an
inaccuracy. The reason is that White is going to play f3 and e4 and thus the
bishop will get under attack of the pawn. So I believe it would be better to
leave the bishop on b7.} (13... Rfd8 $5 14. Rac1 Kf8 15. Kf1 Bd5 (15... b5 $5
16. Nce5 ({or} 16. Na5 Bd5 {and the knight seems to be misplaced on a5 if not}
17. Bxf6 $1 gxf6 18. e4 $1 {Suddenly black pieces start to hang.} Bxe4 19. Rxd7
Rxd7 20. Rxc5 Rdd8 $1 {It's necessary to trade a pair of rooks.} 21. a4 Rac8
22. Rxc8 Rxc8 23. axb5 Rc1+ 24. Ne1 axb5 {and a position with mutual chances
arises.}) 16... Nxe5 17. Bxe5 (17. Rxc5 $6 Rxd1+ 18. Bxd1 Nd3) 17... Rxd1+ 18.
Bxd1 Bb6 {and Black should be able to equalize.}) 16. Nce5 Nxe5 17. Nxe5 Bb7
18. g4 Nd5 19. e4 Nf6 20. f3 h6 21. h4 Rac8 22. g5 hxg5 23. hxg5 Nh5 24. Nd7+
Ke7 25. Nxc5 Rxd1+ 26. Rxd1 bxc5 27. Be5 $16 {[%csl Rh5] 1-0 Bareev,E-Svidler,
P/Elista 1997. and White is better thanks to his bishop's pair and a weak pawn
on c5.}) 14. Nfe5 {[%cal Gf2f3,Gg1f1] Preparing f3 followed by e4.} Nxe5 15.
Nxe5 Rfc8 {Since the e3-pawn hanging White will have to play Nd3 and only
after the dark-squared moves to start with f3 and e4. However before that
White brings all his pieces in the game.} 16. Rac1 {After the dark-squared
bishop will move from c5 White will need to control the c2-square.} Kf8 17. Kf1
{A waiting move. White brings the king closer to the centre while Black seems
to experience some problems with a useful move. For example the dark-squared
bishop can't move in view of the exchange of the rooks with Bxa6 to follow,
but the simple 17...Ke7 was good.} ({I believe it would be better to play Nd3
at once and after} 17. Nd3 $1 Be7 18. f3 {the main difference between the
immediate Nd3 and preliminary 17.Kf1 is that after the latter the h2-pawn will
be hanging. See 18...Bd6.}) 17... Ke8 (17... Ke7 $5 {Takes away the e7-square
from the bishop, but maybe it wasn't needed. The d6-square is just enough for
it.}) 18. Nd3 Be7 $6 {Another inaccuracy.} ({After the correct} 18... Bd6 {
White can't play} 19. f3 {in view of} Bxh2) 19. f3 $1 $14 {[%cal Ge3e4] Now
White starts to take space and thanks to better pieces gets the upper hand.} g6
$6 {Now the f6-knight will be hanging.} (19... Bb7 {was correct. Now after} 20.
e4 $14 {White is just slightly better.}) 20. Ne5 $1 {This is better than the
immediate e4 as it forces the weakening of the queenside.} b5 (20... Bb7 21. e4
$1 (21. Nc4 {is also possible.} Nd5 22. Kf2 $1 {preparing e4.} ({In case of
the immediate} 22. e4 {Black equalizes by means of} Rxc4 $1 23. Bxc4 Ne3+ 24.
Ke2 Nxd1 25. Rxd1 b5 $11 {and so on.}) 22... b5 23. Na5 Rxc1 24. Rxc1 $14 {
and White is better.}) 21... b5 22. a4 $1 $16) 21. e4 Bb7 22. a4 $1 $16 {
[%csl Ra6,Rb7] Black starts to experience problems with the queenside pawns.}
bxa4 23. bxa4 Rxc1 24. Rxc1 {White is ready to penetrate to the 7th rank.} Rb8
(24... Nd7 $5 {was worth a try.}) 25. Bd4 $1 {With the threat to pin the
b7-bishop by means of Rb1.} Rd8 (25... Rc8 26. Rxc8+ Bxc8 27. Nc6 {is clearly
better for White as he exchanges the dark-squared bishop.}) 26. Be3 $1 {
The best square for the bishop. Now the threats Rc7 and Rb1 are very annoying.}
Bd6 $6 {An unfortunate move, but it's already not easy to give a good advice.}
27. Nc4 $1 $18 {[%csl Rd6,Rf6][%cal Gc4d6] Black is hopeless against the
threats Nxd6 followed by e5; e5; Na5 and Bg5.} Nh5 {After this move Black will
be "packed".} (27... Be7 28. Na5 Ba8 (28... Bc8 29. Nc6 {[%csl Rc8,Rd8,Re7]} {
with the idea} Rd7 30. Nxe7 Kxe7 31. Rxc8 $18) 29. Bxa6 $18) 28. g4 $1 ({
In case of} 28. Nxd6+ Rxd6 29. g4 {I didn't like} Nf6 $1 {with the idea} 30. e5
Nd5 31. exd6 Nxe3+ 32. Kf2 Nd5 {[%csl Rd6] with some practical chances since
it's not easy to protect the d6-pawn.}) 28... Ng7 {[%csl Rg7] A sad necessity.}
({Now} 28... Nf6 {is met by} 29. e5 {and the bishop on e3 is protected.}) 29.
Rb1 $1 {[%csl Rb7]} {Now also the bishop has to go back.} Bc8 (29... Bc6 30.
Nxd6+ Rxd6 31. Bh6 {[%csl Rg7]} Kf8 32. Rb8+ $18 {and White wins a piece.}) 30.
Nxd6+ Rxd6 31. Bh6 $1 {[%csl Rg7]} (31. Bh6 $1 {Black didn't want to suffer
anymore and so she decided to resign. The game could continue like the
following:} Kf8 {This is the only way to protect the knight.} 32. Rb8 Rd8 {
The only defense again.} (32... Rc6 {loses a piece.} 33. Bxa6 Rxa6 34. Rxc8+
Ke7 35. Bxg7 $18) 33. Kf2 {[%csl Rd8][%cal Ge2a6] Creating the threat Bxa6.} ({
Of course not} 33. Bxa6 $4 {since Black recapture with a check.} Bxa6+ $19)
33... Re8 34. Bxg7+ ({It's also possible to start with} 34. a5 e5 {and now} 35.
Bxg7+ Kxg7 36. Bxa6 Bd7 37. Rxe8 Bxe8 38. Bb7 $18 {and Black will have to give
up the bishop.}) ({or even} 34. e5 $5 Kg8 35. Bxg7 Kxg7 36. Bxa6 Bd7 37. Rxe8
Bxe8 38. Bb5 $18 {and in the pawn endgame the kingside pawns are fixed by the
e-pawn.}) 34... Kxg7 35. Bxa6 Bd7 36. Rxe8 Bxe8 37. Bb5 $18 {and White wins by
collecting the kingside pawns.}) 1-0

[Event "Petrosian Memorial Internet"]
[Site "ICC INT"]
[Date "2004.12.22"]
[Round "5"]
[White "Dreev, Alexey"]
[Black "Fressinet, Laurent"]
[Result "1-0"]
[WhiteElo "2698"]
[BlackElo "2640"]
[Annotator "Mikhalevski,V"]
[PlyCount "45"]
[EventDate "2004.12.18"]
[EventType "team"]
[EventRounds "6"]
[EventCountry "USA"]
[SourceTitle "CBM 105"]
[Source "ChessBase"]
[SourceDate "2005.04.11"]
[SourceVersion "1"]
[SourceVersionDate "2005.04.11"]
[SourceQuality "1"]

{Quick disasters are very rare on the high level and especially in these
unambitious lines. That's why this game is of special interest.} 1. d4 d5 2. c4
c6 3. Nf3 Nf6 4. e3 e6 5. Bd3 dxc4 {It's not necessary to hurry with this
exchange.} 6. Bxc4 Nbd7 7. O-O Bd6 8. Nbd2 O-O ({Black easily equalized after} 
8... c5 9. dxc5 Bxc5 10. a3 a5 11. b3 O-O 12. Bb2 b6 13. Nd4 Bb7 14. Qe2 Qe7
$11 {1/2-1/2 Burmakin,V-Akopian,V/Lausanne 2004/CBM 102 ext (21)}) 9. b3 $5 {
An interesting novelty. White solves the problem of his dark-squared bishop,
which will be strong on the big diagonal especially after the program advance
c5. A similar idea occuried also in the game Balashov,V-Grischuk,A/RUS-Cup06
1998. See below.} ({Earlier White tested only bishop retreats to d3 and b3.} 9.
Bb3 Bc7 10. Nc4 b6 11. Re1 Bb7 12. e4 b5 13. Nce5 Nxe5 14. dxe5 Nd7 15. Bf4 c5
$15 {[%csl Re4,Re5] and Black is already better. Bogoljubow,E-Alekhine,A World
Championship match 1929.}) (9. Bd3 c5 10. Nc4 Be7 11. Nce5 ({A quick draw took
place in the game of yet young Grischuk:} 11. b3 a6 12. a4 b6 13. Bb2 Bb7 14.
Qe2 cxd4 15. Bxd4 Bc5 16. Rfd1 Bxf3 17. Qxf3 Bxd4 18. exd4 Nd5 19. Ne3 N7f6 20.
Bc4 Qd6 21. Bxd5 {1/2-1/2 Balashov,Y-Grischuk,A/Nizhnij Novgorod 1998/EXT 2000
(21)}) 11... Qc7 12. Qc2 b6 13. b4 Bb7 14. Bb2 h6 15. dxc5 bxc5 16. Rac1 Rac8
17. Rfd1 Rfd8 18. b5 $14 {1-0 Euwe,M-Foltys,J/Prague 1949/EXT 2000 (51)}) 9...
c5 10. Bb2 a6 {[%cal Gb7b5]} 11. Be2 $1 {Freeing the c4-square for the bishop.}
b6 (11... b5 {is also playable, despite it gives White a hook on the queenside.
} 12. a4 Rb8 13. axb5 axb5 14. dxc5 Bxc5 15. Bd3 $14 {[%csl Rb5][%cal Gd1e2]})
12. Nc4 Bc7 $2 {The reason for the future problems. Black underestimates the
following exchange operation and finds himself in trouble.} (12... Be7 $14 {
was necessary and White is just slightly better.}) 13. dxc5 $1 Nxc5 ({In case
of} 13... bxc5 {White enjoys a pair of bishops and weak pawns on a6 and c5.}
14. Nd6 Qe7 15. Nxc8 Rfxc8 16. Qc2 $14) 14. Qxd8 Rxd8 $6 {This move already
loses a pawn.} (14... Bxd8 {was better, however White is still better thanks
to more active pieces and weakness of the d6,c6 and b6-squares.}) 15. Be5 $1
$16 {[%csl Rb6] Exchanging the dark-squared bishops White exploits weakness of
the b6-pawn.} Bxe5 16. Nfxe5 {[%csl Rb6]} Nd5 17. Nc6 $1 {A precise move.
Suddenly black rooks can't find good squares.} ({Also} 17. Rac1 {[%csl Rc5]
[%cal Gc4b6] wins a pawn, but the move in text is simplier and better.} Bb7 18.
Nxb6 Nxb3 19. axb3 Nxb6 20. Rc7 Bd5 21. Rxf7) 17... Rd7 $2 {A mistake in a
difficult position.} ({Black had to play} 17... Re8 {after which Black loses
"only" a pawn.} 18. Nd6 $1 {This precise move underlines White's advantage.} ({
But not} 18. Bf3 $2 Bb7 $1 {and Black solves opening problems.}) 18... Rf8 19.
Bf3 $1 {[%cal Gc6e7] and Black can't prevent loss of a pawn.} Bb7 ({or} 19...
Kh8 20. Ne7 $1 Bb7 21. Nxb7 Nxb7 22. Nxd5 exd5 23. Bxd5 $16) 20. Bxd5 exd5 21.
Ne7+ Kh8 22. Nxb7 Nxb7 23. Nxd5 $16) (17... Rf8 $6 {is worse.} 18. Bf3 $1 Bb7 (
18... b5 $2 19. Bxd5 exd5 20. Nb6 $18 {[%csl Ra8] and the rook a8 is traped.})
19. Bxd5 exd5 20. Ne7+ Kh8 21. Nxb6 Rad8 22. Rfd1 Rd6 23. Nbxd5 Rfd8 24. Nc3
$18) 18. Bf3 $1 {[%csl Rb6][%cal Gf3d5] Now it turns out that the b6-pawn is
lost. Moreover Black can't avoid additional losses.} Rc7 ({Doesn't help} 18...
Bb7 19. Bxd5 exd5 (19... Rxd5 20. Ne7+) 20. Nxb6 Rc7 (20... Rd6 21. Ne7+ Kf8
22. Nec8 $1 Rxc8 23. Nxc8 Bxc8 24. Rfc1 {[%csl Rc5,Rc8]} Rc6 25. b4 $18 {
[%csl Rc5]}) (20... Bxc6 21. Rfc1 $1 Rc7 22. Nxa8 Bxa8 23. b4 Ne6 24. Rxc7 Nxc7
25. Rc1 Ne8 26. Rc8 $18) 21. Nxd5 $1 Rd7 (21... Rxc6 22. Ne7+ Kf8 23. Nxc6 Bxc6
24. Rfc1 $18) 22. Nb6 $1 Rc7 23. Ne7+ $3 Rxe7 24. Nxa8 Bxa8 25. Rac1 Rc7 26.
Rfd1 $18 {[%cal Gd1d8]}) 19. Nb4 $1 $18 {[%csl Ra8,Rb6,Rd5] Black is pinned
all over the place.} (19. Bxd5 {is less clear in view of the following} exd5
20. Nxb6 Rxc6 21. Nxa8 Bb7 $14 {and the knight is traped on a8.}) 19... b5 $2 {
Probably that was a bad day for the young French player.} (19... Bb7 {was a
tougher defense, which however couldn't change the evaluation of the position.}
20. Nxd5 Bxd5 21. Bxd5 exd5 22. Nxb6 Rd8 23. Rfd1 $18 {[%csl Rd5] and winning
second pawn White secures a relatively easy win.}) 20. Bxd5 Rb8 ({In case of} 
20... exd5 21. Nxd5 {Black loses an exchange.} Rca7 22. Ncb6 Rb8 $140 23. Rac1
$1 {[%csl Rc5,Rc8]}) 21. Ne5 $1 {The knights fully dominate here.} exd5 22.
Nxd5 Rcb7 23. Rac1 $1 {An expectedly easy win for Dreev.} (23. Rac1 {Black
resigned as after} Ne4 24. Nc6 Ra8 25. Nce7+ {[%csl Rc8,Rg8] he loses the
bishop.}) 1-0

[Event "Geneve op"]
[Site "Geneve"]
[Date "2003.04.27"]
[Round "6"]
[White "Milov, Vadim"]
[Black "Horvath, Adam"]
[Result "1-0"]
[WhiteElo "2574"]
[BlackElo "2505"]
[Annotator "Milov,V"]
[PlyCount "79"]
[EventDate "2003.04.24"]
[EventType "swiss"]
[EventRounds "7"]
[EventCountry "SUI"]
[SourceTitle "CBM 095"]
[Source "ChessBase"]
[SourceDate "2003.07.25"]
[SourceVersion "1"]
[SourceVersionDate "2003.07.25"]
[SourceQuality "1"]

1. d4 d5 2. c4 dxc4 3. e3 Nf6 4. Bxc4 e6 5. Nf3 a6 6. a4 c5 7. O-O Nc6 8. Qe2
Qc7 9. Rd1 Bd6 10. dxc5 Bxc5 11. b3 O-O 12. Bb2 Qe7 $146 13. Nbd2 h6 (13... e5
$5 14. Rac1 Bf5 (14... e4 15. Ng5 Bg4 $2 (15... Bf5 $2 16. Nxf7 $1 Rxf7 17.
Bxf7+ Kxf7 18. Qc4+ $18) 16. Bxf6 Bxe2 17. Bxe7 Bxe7 18. Bxe2 Bxg5 19. Nxe4) (
14... h6 15. Bd3 $14) 15. Nf1 e4 16. Nd4 Nxd4 17. Bxd4 Bxd4 18. Rxd4 $14) 14.
Rac1 (14. Ne5 Nxe5 15. Bxe5 b6 16. Bxf6 (16. Qf3 Bb7 17. Bxf6 gxf6 18. Qh3 Kh7
19. Bd3+ f5 20. e4 Qg5 21. exf5 Qf4 $1 22. fxe6+ Kh8 $44) 16... Qxf6 17. Ne4
Qg6 18. Nxc5 bxc5 19. Bd3 Qg5 $11) 14... b6 (14... e5 15. Bd3 $14) 15. e4 Rd8 (
15... e5 $2 16. Bd5 $16) (15... Ng4 16. Rf1 {/\17.e5}) 16. e5 Nd5 17. Qe4 (17.
Ne4 $5 Nf4 (17... Bb7 18. Bxd5 Rxd5 19. Rxd5 exd5 20. Nxc5 bxc5 21. Ba3 Nb4 22.
Bxb4 cxb4 23. Nd4 $14) 18. Rxd8+ Qxd8 19. Qe1 $14) 17... Ncb4 18. Qg4 Na2 $1
19. Ra1 Nac3 20. Rdc1 Bb4 21. Nf1 (21. Ne4 $4 h5 $19) 21... Bb7 (21... h5 22.
Qxh5 $1 Nf4 23. Qg4 Nfe2+ 24. Kh1 Nxc1 25. Rxc1 Nd5 26. Ng5 $40) 22. Ng3 Kh8
23. h4 $14 Rac8 24. Rc2 (24. Nh5 $142 Rg8 25. Rc2 $14) 24... b5 25. axb5 axb5
26. Bf1 {><b5} Rc7 (26... f5 $5 27. exf6 Nxf6 (27... gxf6 28. Nd4 $14) 28. Qf4
Nfd5 $11) 27. Nh5 Rg8 (27... f5 $6 28. exf6 gxf6 29. Nf4 $16) (27... Qf8 28.
Nd4 $36) 28. Nd4 $1 Rc5 (28... f5 $2 29. exf6 gxf6 30. Qxe6) 29. Rac1 $6 (29.
Bd3 Qd7 $13) (29. Rcc1 $1 {/\30.Nc2} Rc7 30. Nf4 $1 (30. Nxb5 Nxb5 31. Bxb5
Rxc1+ 32. Rxc1 Ba3 33. Rc2 Bxb2 34. Rxb2 Qc7 35. Qd4 Qc1+ 36. Bf1 Ba6 37. Ng3
Bxf1 38. Nxf1 Ra8 $36) 30... Nxf4 31. Qxf4 Rgc8 (31... Rd8 $5 32. Bxc3 (32.
Nxb5 Nxb5 33. Bxb5 Rxc1+ 34. Rxc1 $2 Bd2) 32... Rxc3 (32... Bxc3 33. Nxb5 $18)
33. Bxb5 $14) 32. Bxb5 $1 (32. Nxb5 Nxb5 33. Bxb5 Rxc1+ 34. Rxc1 Rxc1+ 35. Bxc1
(35. Qxc1 Qxh4) 35... Bxg2 $1 36. Kxg2 Qb7+ $11) 32... Nxb5 33. Nxb5 Rxc1+ 34.
Rxc1 Rxc1+ 35. Bxc1 Bxg2 $2 36. Nd6 $18) 29... Qc7 $6 (29... Ba5 $5 {/\31...b4}
30. Bxc3 (30. Nxb5 Rxb5 31. Bxc3 Nxc3 32. Bxb5 (32. Rxc3 Bxc3 33. Bxb5 Bxe5 $17
) 32... Nxb5 33. Rc5 Ba6 $17) 30... Rxc3 31. Nxb5 Rxb3 $11) 30. Nf4 $1 {><c3,b5
} Nxf4 31. Qxf4 $16 Nd5 32. Qg3 Qb6 33. Rxc5 Bxc5 34. Nxb5 Ne7 $2 (34... Ba6
35. Nd6 Bxd6 36. exd6 Bxf1 37. Rxf1 f6 38. Rc1 Rd8 39. Ba3 $16) 35. Rxc5 $1
Qxc5 36. Ba3 $18 Nf5 37. Bxc5 Nxg3 38. fxg3 Ra8 39. Nd6 Bd5 40. b4 1-0

[Event "Olympiad-31"]
[Site "Moscow"]
[Date "1994.12.08"]
[Round "7.3"]
[White "Bareev, Evgeny"]
[Black "Santo Roman, Marc"]
[Result "1/2-1/2"]
[WhiteElo "2675"]
[BlackElo "2420"]
[Annotator "Moiseev,V"]
[PlyCount "81"]
[EventDate "1994.12.01"]
[EventType "team-swiss"]
[EventRounds "14"]
[EventCountry "RUS"]
[SourceTitle "CBM 045"]
[Source "ChessBase"]
[SourceDate "1995.04.01"]
[SourceVersion "1"]
[SourceVersionDate "1995.04.01"]
[SourceQuality "1"]
[WhiteTeam "Russia"]
[BlackTeam "France"]
[WhiteTeamCountry "RUS"]
[BlackTeamCountry "FRA"]

1. d4 d5 2. c4 dxc4 3. Nf3 Nf6 4. e3 e6 5. Bxc4 a6 6. O-O c5 7. Bd3 Nc6 8. Nc3
cxd4 9. exd4 Nb4 $6 (9... Be7 10. Bg5 (10. Be3 $5 O-O 11. Rc1 $14) 10... O-O
11. Rc1 h6 12. Bh4 b5 13. Bxf6 Bxf6 14. Ne4 Bd7 15. Bb1 Be7 16. Qd3 f5 17. Nc5
Bxc5 18. Rxc5 $16 {Polugaevsky,L-Ivanchuk,V/Monako/1992/1:0/36/}) 10. Bg5 $1 {N
} (10. Bb1 Be7 11. Re1 O-O 12. Ne5 Nbd5 13. Qd3 $14 {Cvitan,O-Raetsky,A/Biel
op/1993/1:0/54/}) 10... Be7 (10... Nxd3 11. Qxd3 Be7 12. Ne5 $14) 11. Bxf6 $5
Bxf6 12. Qa4+ Nc6 13. Be4 Bd7 (13... O-O $6 14. Bxc6 bxc6 15. Ne4 $16 (15. Qxc6
$6 Rb8)) 14. d5 exd5 (14... Nd4 15. Qd1 Nxf3+ 16. Qxf3 $16) 15. Nxd5 O-O 16.
Rad1 Be6 17. Nf4 (17. Nb4 Qb6 $10) (17. Nxf6+ Qxf6 18. Bxc6 bxc6 19. Nd4 Bd5
$13) 17... Qc8 18. Nxe6 Qxe6 19. Rfe1 $16 Qc8 20. Rc1 Re8 (20... Bxb2 $2 21.
Bxh7+ Kxh7 22. Qc2+ (22. Ng5+ $2 Kg6) 22... g6 (22... Kg8 23. Ng5 $1 g6 (23...
f5 $2 24. Qc4+ Kh8 25. Qh4+ $18) 24. Qxb2 $18 {/\ 25 Ne4}) 23. Qxb2 $16) 21.
Bxc6 bxc6 22. b3 Rxe1+ 23. Nxe1 c5 24. Qc4 $6 (24. Nd3 $5 Qf5 25. Qc4 (25. Nxc5
$2 Bb2 $1) 25... Bd4 26. b4 $16) (24. Qe4 $5 $16 {/\ 24 Rc5, 24 Nd3}) 24... Bb2
$5 (24... Be7 $2 25. b4 $16) 25. Rc2 Ba3 26. Nf3 (26. Nd3 $5) 26... Qb7 27. Rd2
Bb4 28. Rd6 a5 29. Ne5 Qe7 30. Qd5 Re8 31. f4 (31. Rd7 $2 Qf6 $1) 31... c4 $1
$10 32. Rd7 Qc5+ 33. Qxc5 Bxc5+ 34. Kf1 cxb3 (34... c3 35. Rc7 $14) 35. axb3 f6
36. Nc6 (36. Nd3 Bf8 37. Rd5 Rb8 $10) 36... Re4 37. g3 a4 38. bxa4 Rxa4 39.
Rd8+ Kf7 40. Rc8 Kg6 41. Ne5+ (41. Ne5+ fxe5 42. Rxc5 exf4 43. gxf4 Rxf4+ 44.
Kg2 $10) 1/2-1/2

[Event "New York Generation"]
[Site "New York"]
[Date "2003.04.24"]
[Round "2"]
[White "Muhammad, Stephen A"]
[Black "Simutowe, Amon"]
[Result "0-1"]
[WhiteElo "2397"]
[BlackElo "2411"]
[Annotator "Mueller,Karsten"]
[PlyCount "178"]
[EventDate "2003.04.23"]
[EventType "tourn"]
[EventRounds "9"]
[EventCountry "USA"]
[EventCategory "10"]
[SourceTitle "CBM 095"]
[Source "ChessBase"]
[SourceDate "2003.07.25"]
[SourceVersion "1"]
[SourceVersionDate "2003.07.25"]
[SourceQuality "1"]

1. d4 d5 2. Nf3 Nf6 3. c4 c6 4. Nc3 a6 5. a4 e6 6. e3 Nbd7 7. Bd3 dxc4 8. Bxc4
c5 9. O-O Qc7 10. Ba2 Bd6 11. d5 exd5 12. Bxd5 O-O 13. h3 Nxd5 14. Nxd5 Qc6 15.
e4 Re8 16. Qc2 b6 17. Nd4 Qb7 18. Nf5 Bf8 19. Bf4 Ne5 20. Nh6+ Kh8 21. Bxe5
Rxe5 22. Ng4 Re8 23. Rad1 Be6 24. Nge3 b5 25. f4 c4 26. f5 Bxd5 27. Nxd5 Re5
28. Kh1 Rae8 29. Rf4 bxa4 30. Qxc4 Qb3 31. Qxb3 axb3 32. Rd4 Bc5 33. Rc4 Bd6
34. g4 h6 35. Rf3 Rxe4 36. Rxe4 Rxe4 37. Rxb3 Rd4 38. Ne3 Be5 39. Nf1 Rd1 40.
Kg2 Rb1 41. Ra3 Rxb2+ 42. Kf3 Rb1 43. Nd2 Ra1 44. Re3 f6 45. Nc4 Bh2 46. Re8+
Kh7 47. Ra8 Rc1 48. Nb6 Rc3+ 49. Ke4 Rxh3 50. Nd7 Bd6 51. Rxa6 Be7 52. Re6 Rh1
53. Kf3 Ba3 54. Ra6 Rh3+ 55. Ke4 Kg8 56. Ra8+ Kf7 57. Ra7 Kg8 58. Ra8+ Kh7 59.
Ra7 Be7 60. Ra6 Rg3 61. Re6 Ba3 62. Kf4 Rd3 63. Nb6 Bc1+ 64. Ke4 Rg3 65. Rc6
Rxg4+ 66. Kf3 Rf4+ 67. Kg3 Rb4 68. Nd5 Rb3+ 69. Kg4 Bg5 70. Ne7 Rb4+ 71. Kg3
Rf4 72. Rc8 h5 73. Rf8 Bh6 74. Rc8 Rg4+ 75. Kh3 Bf4 76. Rd8 Kh6 77. Rg8 Bd6 78.
Nc6 Rf4 79. Rd8 Bc5 80. Rd5 Rf3+ 81. Kg2 Rc3 82. Nd8 h4 83. Ne6 h3+ 84. Kh2 Bb6
85. Rb5 Bc7+ 86. Nxc7 Rxc7 87. Kxh3 {Black wins easily due to his active king
and the weak pawn f5: Leichter Gewinn aufgrund des schwachen Bauern f5 und des
aktiven schwarzen Königs.} Kg5 88. Kg3 Re7 {[%cal Ge7e3,Ge3e5]} 89. Ra5 (89.
Kf3 Re5 90. Rb7 Rxf5+ 91. Ke4 Re5+ 92. Kf3 Kh6 $19) 89... Re3+ (89... Re3+ 90.
Kg2 Re5 91. Ra7 Kh6 $19) 0-1